000
00252nam a2200109Ia 4500
008
240625s9999 xx 000 0 und d
041
_a
eng
082
_a
658.3 DEN
100
_a
DENISI ANGELO S
245
_a
HR HUMAN RESOURCE MANAGEMENT
260
_c
2011
999
_c
38399
_d
38399